000
00320nam a2200133Ia 4500
008
240624s9999 xx 000 0 und d
041
_a
eng
082
_a
658.8 KIR
100
_a
KIRKPATRICK DAVID
245
_a
FACEBOOK EFFECT
260
_c
2010
_a
New Delhi
_b
Virgin Books
300
_a
374 : p. : cm ; 22
365
_c
RS
999
_c
16955
_d
16955